Normal view
MARC view
Entry Topical Term
001 - CONTROL NUMBER
- control field: 50676
003 - CONTROL NUMBER IDENTIFIER
- control field: ARRUPE
005 - DATE AND TIME OF LATEST TRANSACTION
- control field: 20211026151658.0
008 - FIXED-LENGTH DATA ELEMENTS
- fixed length control field: 211026|| aca||aabn | a|a d
040 ## - CATALOGING SOURCE
- Original cataloging agency: ARRUPE
- Transcribing agency: ARRUPE
150 ## - HEADING--TOPICAL TERM
- General subdivision: Developing countries
670 ## - SOURCE DATA FOUND
- Source citation: Work cat.: (ARRUPE): Easterly, William 50675, The elusive quest for growth, 2002